书目信息 |
| 题名: |
幅度均衡器
|
|
| 作者: | 杜丽冰 编 | |
| 分册: | ||
| 出版信息: | 北京 人民邮电出版社 1981 |
|
| 页数: | 320页 | |
| 开本: | 19cm | |
| 丛书名: | ||
| 单 册: | ||
| 中图分类: | TN715 | |
| 科图分类: | ||
| 主题词: | 幅度均衡器 | |
| 电子资源: | ||
| ISBN: | ||
| 000 | 00592nam0 2200229 45 | |
| 001 | 0181003960 | |
| 005 | 20060911171645.98 | |
| 010 | @dCNY1.10 | |
| 091 | @a15045.总2462-有5195 | |
| 100 | @a19950531d1981 em y0chiy0121 ea | |
| 101 | 0 | @achi |
| 102 | @aCN@b110000 | |
| 105 | @ay z 000yy | |
| 200 | 10 | @a幅度均衡器@Afu du jun heng qi@f杜丽冰编 |
| 210 | @a北京@c人民邮电出版社@d1981 | |
| 215 | @a320页@d19cm | |
| 606 | @a幅度均衡器 | |
| 690 | @aTN715@v3 | |
| 701 | 0 | @a杜丽冰@Adu li bing@4编 |
| 801 | 0 | @aCN@bTSSF@c20060911 |
| 801 | 2 | @aCN@bNLC@c20060731 |
| 905 | @a10447@dTN715@e208 | |
| 幅度均衡器/杜丽冰编.-北京:人民邮电出版社,1981 |
| 320页;19cm |
| ISBN :CNY1.10 |
| ● |
| 相关链接 |
|
|
|
|
正题名:幅度均衡器
索取号:TN715/208
 
预约/预借
| 序号 | 登录号 | 条形码 | 馆藏地/架位号 | 状态 | 备注 |
| 1 | 0439123 | 204391238 | 密集书库/ [索取号:TN715/208] | 在馆 | |
| 2 | 0472069 | 204720695 | 密集书库/ [索取号:TN715/208] | 在馆 |